Estadísticas para Países por Bandera y Forma #2

Haz click aquí para tomar la prueba!

Estadísticas generales

  • Esta prueba ha sido tomada 3.765 veces
  • La puntuación promedio es 14 de 16

Estadísticas de respuestas

Respuesta% Correcto
Argentina
100%
Australia
99%
Estados Unidos
99%
Ucrania
97%
Noruega
95%
Sudáfrica
95%
República Checa
91%
Pakistán
88%
Líbano
86%
Senegal
84%
Barbados
81%
Montenegro
79%
Nepal
76%
República Democrática del Congo
76%
Gabón
66%
Samoa
56%

Distribución de puntuación

Porcentaje por número respondido

Porcentaje de gente con cada puntuación

Historial de tus puntuaciones

No has tomado esta prueba